Farmer's knowledge and farmer's practice in soil fertility management: acase study in tumnop thum commune, ponhealoeu district (kandal) ចំនេះដឹងនិងបច្ចេកទេសរបស់កសិករក្នុងការថែទាំនិងបង្កើនជីជាតិដី នៅឃុំទំនប់ធំ​ ស្រុកពញ្ញាឮ​ ខេត្តកណ្ដាល (Record no. 326)

000 -LEADER
fixed length control field 00780nam a22001577a 4500
003 - CONTROL NUMBER IDENTIFIER
control field OSt
005 - DATE AND TIME OF LATEST TRANSACTION
control field 20150912160541.0
008 - FIXED-LENGTH DATA ELEMENTS--GENERAL INFORMATION
fixed length control field 150912b xxu||||| |||| 00| 0 eng d
040 ## - CATALOGING SOURCE
Transcribing agency RUA
082 ## - DEWEY DECIMAL CLASSIFICATION NUMBER
Classification number AGR SIN 1997 B019 Or.1
100 ## - MAIN ENTRY--PERSONAL NAME
9 (RLIN) 347
Personal name SIN, VUTHEA
245 ## - TITLE STATEMENT
Title Farmer's knowledge and farmer's practice in soil fertility management: acase study in tumnop thum commune, ponhealoeu district (kandal) ចំនេះដឹងនិងបច្ចេកទេសរបស់កសិករក្នុងការថែទាំនិងបង្កើនជីជាតិដី នៅឃុំទំនប់ធំ​ ស្រុកពញ្ញាឮ​ ខេត្តកណ្ដាល
260 ## - PUBLICATION, DISTRIBUTION, ETC. (IMPRINT)
Place of publication, distribution, etc. Phnom Penh
Name of publisher, distributor, etc. RUA
Date of publication, distribution, etc. 1997
300 ## - PHYSICAL DESCRIPTION
Extent 65p.
Other physical details ill.
Dimensions 29cm.
942 ## - ADDED ENTRY ELEMENTS (KOHA)
Source of classification or shelving scheme
Koha item type AGR
Holdings
Price effective from Date last seen Permanent Location Not for loan Date acquired Source of classification or shelving scheme Koha item type Lost status Withdrawn status Date last checked out Total Checkouts Shelving location Damaged status Barcode Current Location Full call number
2015-09-122019-07-19Library Block B 2015-09-12 AGR  2019-07-192B018 RUA003579Library Block BAGR SIN 1997 B019 Or.1
2015-09-122015-09-12Library Block B 2015-09-12 AGR    B018 RUA003651Library Block BAGR SIN 1997 B019 Or.2
2015-09-122019-10-25Library Block B 2015-09-12 AGR  2019-10-182B018 RUA003428Library Block BAGR SIN 1997 B019 Or.3
2015-09-122015-09-12Library Block B 2015-09-12 AGR    B018 RUA003500Library Block BAGR SIN 1997 B019 Or.4
2015-09-122015-09-12Library Block B 2015-09-12 AGR    B018 RUA003286Library Block BAGR SIN 1997 B019 Or.5
2015-09-122015-09-12Library Block B 2015-09-12 AGR    B018 RUA003358Library Block BAGR SIN 1997 B019 Or.6
2015-09-122015-09-12Library Block B 2015-09-12 AGR    B018 RUA003430Library Block BAGR SIN 1997 B019 Or.7
2015-09-122015-09-12Library Block B 2015-09-12 AGR    B018 RUA008099Library Block BAGR SIN 1997 B019 Or.8
2015-09-122015-09-12Library Block B 2015-09-12 AGR    B018 RUA003502Library Block BAGR SIN 1997 B019 Or.9
2015-09-122015-09-12Library Block B 2015-09-12 AGR    B018 RUA003303Library Block BAGR SIN 1997 B019 Or.10
2015-09-122019-11-18Library Block B 2015-09-12 AGR  2019-11-061B018 RUA003592Library Block BAGR SIN 1997 B019 Or.11
មជ្ឈមណ្ឌលឯការនៃសាកលវិទ្យាល័យភូមិន្ទកសិកម្មចំការដូង

Powered by Koha